[Event "Geraardsbergen op 34th"]
[Site "Geraardsbergen"]
[Date "2018.08.12"]
[Round "4"]
[White "Lavrenov, Yuli"]
[Black "Descamps, Stijn"]
[Result "1/2-1/2"]
[WhiteElo "2046"]
[BlackElo "1984"]
[PlyCount "81"]
[EventDate "2018.08.11"]
[EventType "swiss"]
[EventRounds "9"]
[EventCountry "BEL"]
[SourceTitle "CBM 186 Extra"]
[Source "ChessBase"]
[SourceDate "2018.08.24"]
[SourceVersion "1"]
[SourceVersionDate "2018.08.24"]
[SourceQuality "1"]

1. Nf3 Nf6 2. c4 c5 3. g3 Nc6 4. Bg2 e6 5. 0-0 Be7 6. Nc3 0-0 7. d4 cxd4 8. Nxd4 a6 9. b3 Qc7 10. Bb2 d6 11. Rc1 Nxd4 12. Qxd4 Bd7 13. Rfd1 Rfd8 14. e4 Rac8 15. h3 Qb8 16. a4 b5 17. axb5 axb5 18. Nxb5 Bxb5 19. cxb5 e5 20. Qd3 Rc5 21. Rxc5 dxc5 22. Qe2 Rxd1+ 23. Qxd1 Qxb5 24. Bxe5 c4 25. Bxf6 Bxf6 26. bxc4 Qxc4 27. Qd7 Qe6 28. Qd3 g5 29. Bf1 Qe5 30. Be2 Qd4 31. Kg2 Qxd3 32. Bxd3 Be5 33. Kf3 Kg7 34. Kg4 h6 35. f4 gxf4 36. gxf4 Bc3 37. e5 Bd2 38. f5 f6 39. e6 Kf8 40. Kh5 Ke7 41. Kg6 1/2-1/2

[Event "Geraardsbergen op 28th"]
[Site "Geraardsbergen"]
[Date "2012.08.13"]
[Round "6"]
[White "Van de Putte, Ben"]
[Black "Descamps, Stijn"]
[Result "0-1"]
[WhiteElo "1725"]
[BlackElo "1945"]
[PlyCount "60"]
[EventDate "2012.08.11"]
[EventType "swiss"]
[EventRounds "9"]
[EventCountry "BEL"]
[SourceTitle "EXT 2013"]
[Source "ChessBase"]
[SourceDate "2012.11.22"]
[SourceVersion "1"]
[SourceVersionDate "2012.11.22"]
[SourceQuality "1"]

1. e4 c5 2. a3 e6 3. b4 cxb4 4. axb4 Bxb4 5. c3 Be7 6. d4 a6 7. Nf3 d6 8. Bd3 Qc7 9. e5 Nd7 10. exd6 Bxd6 11. 0-0 Ngf6 12. h3 b6 13. Re1 Bb7 14. c4 0-0 15. Ba3 Bxa3 16. Nxa3 Rfd8 17. Nc2 Nf8 18. Ne5 Ng6 19. Nxg6 hxg6 20. Bf1 Ne4 21. Bd3 Qf4 22. f3 Ng5 23. Be4 Nxe4 24. fxe4 Bxe4 25. Ne3 Qd6 26. Qg4 Bf5 27. Qg5 Qxd4 28. Rad1 Qf6 29. Qg3 Rxd1 30. Rxd1 Rd8 0-1

[Event "Ghent Taminco op 34th"]
[Site "Ghent"]
[Date "2011.07.16"]
[Round "2"]
[White "Muhren, Bianca"]
[Black "Descamps, Stijn"]
[Result "1-0"]
[WhiteElo "2307"]
[BlackElo "2005"]
[PlyCount "73"]
[EventDate "2011.07.16"]
[EventType "swiss"]
[EventRounds "9"]
[EventCountry "BEL"]
[SourceTitle "CBM 143 Extra"]
[Source "ChessBase"]
[SourceDate "2011.08.29"]
[SourceVersion "1"]
[SourceVersionDate "2011.08.29"]
[SourceQuality "1"]

1. e4 c5 2. Nf3 e6 3. d4 cxd4 4. Nxd4 Nc6 5. Nc3 Qc7 6. Be2 a6 7. 0-0 Bc5 8. Be3 d6 9. Na4 Ba7 10. c4 Nf6 11. Nc3 0-0 12. Rc1 Bd7 13. Nc2 Rac8 14. Bxa7 Nxa7 15. Ne3 Rfd8 16. Qd3 Qc5 17. Rfd1 Be8 18. Qb1 Qb6 19. Rd2 Nc6 20. Rcd1 Ne5 21. b4 h6 22. a4 Qc7 23. Qb2 Bc6 24. Rd4 b6 25. Qd2 Qb7 26. Rxd6 Rxd6 27. Qxd6 Nxc4 28. Bxc4 Nxe4 29. Nxe4 Bxe4 30. Bd3 Bxg2 31. Nxg2 Qf3 32. Bb1 g6 33. Qd3 Qg4 34. Ba2 h5 35. h3 Qxb4 36. Bxe6 Rc3 37. Qxg6+ 1-0